Europor chamu buranji : (Record no. 8900)

MARC details
000 -LEADER
fixed length control field 00534cam a2200205ua 4500
001 - CONTROL NUMBER
control field 9899
005 - DATE AND TIME OF LATEST TRANSACTION
control field 20260515114535.0
008 - FIXED-LENGTH DATA ELEMENTS--GENERAL INFORMATION
fixed length control field 161007n ii |||gr||||Z||||||asm
020 ## - INTERNATIONAL STANDARD BOOK NUMBER
International Standard Book Number 8173391785
040 ## - CATALOGING SOURCE
Transcribing agency MAIN
041 ## - LANGUAGE CODE
Language code of text/sound track or separate title asm
082 ## - DEWEY DECIMAL CLASSIFICATION NUMBER
Classification number 940
100 ## - MAIN ENTRY--PERSONAL NAME
Personal name Bhattacharyya, Dhirendra Narayan,
Relator term Author.
245 ## - TITLE STATEMENT
Title Europor chamu buranji :
Remainder of title 1500-1815 /
Statement of responsibility, etc. By Dhirendra Narayan Bhattacharyya .
250 ## - EDITION STATEMENT
Edition statement 2nd ed.
260 ## - PUBLICATION, DISTRIBUTION, ETC.
Place of publication, distribution, etc. Guwahati:
Name of publisher, distributor, etc. Banalata,
Date of publication, distribution, etc. 1997.
300 ## - PHYSICAL DESCRIPTION
Extent 320p.
653 ## - INDEX TERM--UNCONTROLLED
Uncontrolled term History of Europe
942 ## - ADDED ENTRY ELEMENTS (KOHA)
Koha item type Books
Holdings
Withdrawn status Lost status Damaged status Not for loan Home library Current library Shelving location Date acquired Total checkouts Full call number Barcode Date last seen Copy number Price effective from Koha item type
        Naharkatiya College Library Naharkatiya College Library General stacks 09/19/2020   940History of Europe | BHA 3825 09/19/2020 1 09/19/2020 Books